00305nam a2200109Ia 4500008004100000082001700041100002200058245004700080260004400127300000800171650001600179191201s2002 xx 000 0 und d a005.131bHOI aHopcroft, John E, 0aIntroduction to Automata Theory, Languages aN.DelhibNarosa Publication Housec2002 a418 aB.Tech(CSE)